| 000 | 01367cam a2200361 a 4500 | ||
|---|---|---|---|
| 999 |
_c533825 _d533825 |
||
| 001 | 12285395 | ||
| 003 | NUST | ||
| 005 | 20200121154722.0 | ||
| 008 | 010122s2000 dcuab b 000 0aeng d | ||
| 010 | _a 2001274257 | ||
| 020 | _a0792279603 | ||
| 035 | _a(OCoLC)ocm45205373 | ||
| 038 | _aMSOHAIL | ||
| 040 |
_aGSN _cGSN _dVHB _dDLC |
||
| 042 | _alccopycat | ||
| 043 | _aa-cc-ti | ||
| 050 | 0 | 0 |
_aGV776.7.T55 _bW35 2000 |
| 082 | _a915.15 | ||
| 100 | 1 |
_aWalker, Wickliffe W. _927826 |
|
| 245 | 1 | 0 |
_aCourting the Diamond Sow : _ba whitewater expedition on Tibet's forbidden river / _cWickliffe W. Walker. |
| 260 |
_aWashington, D.C. : _bAdventure Press, National Geographic, _cc2000. |
||
| 300 |
_a252 p. : _bill. (some col.), 1 map ; _c25 cm |
||
| 504 | _aIncludes bibliographical references (p. [245]-252). | ||
| 600 | 1 | 0 |
_aWalker, Wickliffe W. _xTravel. _927827 |
| 650 | 0 |
_aKayaking _zChina _zTibet Autonomous Region. _927828 |
|
| 650 | 0 |
_aKayaking _zBrahmaputra River. _927829 |
|
| 651 | 0 |
_aTibet Autonomous Region (China) _xDescription and travel. _927830 |
|
| 651 | 0 |
_aBrahmaputra River _xDescription and travel. _927831 |
|
| 710 | 2 |
_aNational Geographic Society (U.S.) _923302 |
|
| 906 |
_a7 _bcbc _ccopycat _d2 _encip _f20 _gy-gencatlg |
||
| 942 |
_2ddc _cBK |
||